000 00498nam a22001932 4500
001 0000005305
005 20170406120525.0
008 141210s xx 000 0 eng d
020 _c$
040 _aYour Holding Symbol
_cYour Holding Symbol
100 1 _aPark.Charles F.
245 1 0 _aOr deposits.
250 _a2nd ed.
260 _aSan Francisco :
_bFreeman,
_c1964.
300 _a522 p. :
_bill ;
_c cm.
504 _aindex.
650 0 _aore deposits.
908 _a141210
999 _c5107
_d5107